000 01260nam a2200289Ia 4500
003 OSt
005 20220923211521.0
006 a|||||r|||| 00| 0
007 ta
008 220922b |||||||| |||| 00| 0 hin d
020 _a9789380845265 (hbk)
_c800
024 _a324,841
037 _b398, 13/03/2018, Eastern Book Linkers
_cTextual
040 _aARTS
_cARTS
_bhin
041 _2hin
_ahin
082 _aO152:g(Y15), Q4
100 _aगोंड़, रवि कुमार, संपा.
245 0 _aसमकालीन विमर्श* मुद्दे और बहस* स्त्री, दलित एवं आदिवासी के संदर्भ में
246 _aSamakālīn vimarsha: mudde aur bahasa: strī, dalit evan ādivāsī ke sandarbha mean
260 _aदिल्ली
_b अनंग प्रकाशन
_c2014
300 _a391पृ.
_ccm.
650 _a आदिवासी समाज
_9160670
650 _a दलित साहित्य
650 _aहिन्दी आलोचना
942 _hO152:g(Y15), Q4
_cTEXL
_2CC
999 _c300329
_d300329